| 000 | 00879aam a2200325 4500 | ||
|---|---|---|---|
| 005 | 20250826161550.0 | ||
| 008 | 150525b2008 xxu||||| |||| 00| 0 spa d | ||
| 020 | _a9788496627406 | ||
| 041 | _aESP | ||
| 082 | _a658.43 K29g | ||
| 100 |
_aKelly, Matthiew _919240 |
||
| 245 | _aEl gerente de sueños: la mejor forma de motivar e involucrar a los empleados | ||
| 260 | _aEspaña | ||
| 260 | _bUrano | ||
| 260 | _c2008 | ||
| 300 | _a186 páginas | ||
| 490 | _aDirección y Administración de Empresas | ||
| 650 | _aGERENCIA INTERMEDIA | ||
| 650 | _aGERENTE | ||
| 650 | _aADMINISTRACIÓN DE PERSONAL | ||
| 650 | _aEFECTIVIDAD ORGANIZACIONAL | ||
| 650 | _aMOTIVACIÓN DEL EMPLEO | ||
| 650 | _aDESESPERACIÓN | ||
| 650 | _aPROPUESTA | ||
| 650 | _aEXPANSIÓN | ||
| 650 | _aAPLICACIONES | ||
| 650 | _aHERRAMIENTAS | ||
| 650 | _aLIDERAZGO | ||
| 942 |
_cBK _2ddc |
||
| 999 |
_c2240 _d2240 |
||